Imagine Dragons Titres en Français - Statistiques

Statistiques générales
  • Ce quiz a été pris 206 fois
  • Le résultat moyen est 60 sur 112
Statistiques - réponses
Titres en FR Titres en VO % Correct
Radioactif Radioactive
94%
Tokyo Tokyo
93%
Naturel Natural
89%
Amsterdam Amsterdam
88%
Oiseaux Birds
86%
Amour Love
86%
Il est Temps It's Time
83%
Zéro Zero
83%
Mauvais Menteur Bad Liar
82%
Boomerang Boomerang
80%
Lundi Monday
80%
Ma Vie My Life
80%
Rêve Dream
78%
Ennemi Enemy
78%
Or Gold
78%
Requins Sharks
78%
Été Summer
78%
Tonnerre Thunder
77%
Croyant Believer
76%
Os Bones
76%
Amérique America
75%
Un Jour One Day
74%
Au Sommet du Monde On Top Of The World
74%
Réveillez-vous Wake Up
74%
Yeux Fermés Eyes Closed
73%
Monstre Monster
73%
#1 #1
72%
Guerriers Warriors
72%
Cha-Ching Cha-Ching
71%
Toutes les Nuits Every Night
71%
Polaroid Polaroid
71%
Vagues Waves
71%
Machine Machine
69%
La Rivière The River
69%
Hier Yesterday
69%
Te Suivre Follow You
68%
Géants Giants
68%
Je ne sais pas Pourquoi I Don't Know Why
67%
Symphonie Symphony
67%
Entend Moi Hear Me
66%
Vrai Vie Real Life
66%
Ma Faute My Fault
65%
Digitale Digital
64%
Trouble Trouble
64%
Seulement Only
63%
Ne m'oublie pas Don't Forget Me
62%
À Côté de Moi Next To Me
62%
Sélène Selene
62%
Côte Ouest West Coast
62%
Qui nous Sommes Who We Are
62%
Je suis content I'm Happy
61%
Je suis Vraiment Désolé I'm So Sorry
60%
Je Parie ma Vie I Bet My Life
59%
Enfant Kid
59%
Enchanté de Vous Rencontrer Nice To Meet You
59%
Bulle Bubble
57%
Les dieux ne Prient pas Gods Don't Pray
57%
Rond et Rond Round And Round
57%
Tirs Shots
57%
Emmenez-moi à la Plage Take Me To The Beach
57%
La Chute The Fall
57%
Fumée et les Miroirs Smoke And Mirrors
56%
Quoi qu'il en soit Whatever It Takes
54%
Friction Friction
53%
Je Souhaite I Wish
52%
Pas le Temps pour les personnes Toxiques No Time For Toxic People
51%
Dans votre coin In Your Corner
50%
Danser dans l'Obscurité Dancing In The Dark
49%
Solitaire Lonely
49%
Sirènes Sirens
49%
Je ne m'aime pas I Don't Like Myself
48%
Voleur Thief
47%
Coincé Stuck
46%
C'est Bon It's Ok
45%
Racines Roots
45%
Facile à Venir Facile à Partir Easy Come Easy Go
44%
Épave Wrecked
43%
Marcher sur le Fil Walking The Wire
42%
Balle dans un Fusil Bullet In A Gun
41%
Le Feu dans ces Collines Fire In These Hills
41%
Flou Blur
38%
L'Inconnu The Unknown
38%
Ils ne te Connaissent pas Comme moi They Don't Know You Like I Do
38%
Égorgeur Cutthroat
36%
Pointes des Pieds Tiptoe
36%
Hémorragie Bleeding Out
30%
Terrain plus Élevé Higher Ground
30%
Embouchure de la Rivière Mouth Of The River
30%
Rien à Dire Nothing Left To Say
30%
Seconde Chance Second Chances
30%
Il vous Revient It Comes Back To You
29%
Recommencer Start Over
28%
Couteaux Émoussés Dull Knives
27%
Grande Roue Ferris Wheel
25%
Travailleur Working Man
25%
Jeunesse Younger
24%
Écrasé Crushed
23%
Opus Sans Savoir Hopeless Opus
20%
Tranquillité d'Esprit Peace Of Mind
20%
Se Lever Rise Up
20%
Continu Continual
18%
Rafraichir Cool Out
18%
Lié Tied
17%
Cri de Guerre Battle Cry
16%
Cela ne me Dérange Pas I Don't Mind
16%
Je vais me Rattraper I'll Make It Up To You
15%
Outsider Underdog
14%
S'épuiser Burn Out
12%
Libérer Release
11%
Mon Amour Love Of Mine
10%
Se Détendre Take It Easy
10%
Dissimuler Cover Up
9%
Aucun quiz correspondant
Distribution des résultats
% des personnes avec chaque résultat
Percentile par nombre de réponses
Votre historique - résultats
Vous n’avez pas pris ce quiz